Social and economic history of early Deccan : (Record no. 20815)

MARC details
000 -LEADER
fixed length control field 01085cam a2200313 a 4500
001 - CONTROL NUMBER
control field 1593585
003 - CONTROL NUMBER IDENTIFIER
control field BDDh-ASL
005 - DATE AND TIME OF LATEST TRANSACTION
control field 20231015025935.0
008 - FIXED-LENGTH DATA ELEMENTS--GENERAL INFORMATION
fixed length control field 931217s1993 ii b b 001 0 eng
010 ## - LIBRARY OF CONGRESS CONTROL NUMBER
LC control number 93907294
020 ## - INTERNATIONAL STANDARD BOOK NUMBER
International Standard Book Number 8173040532 :
Terms of availability Rs350.00
025 ## - OVERSEAS ACQUISITION NUMBER
Overseas acquisition number I-E-72409
040 ## - CATALOGING SOURCE
Original cataloging agency DLC
Transcribing agency DLC
Modifying agency DLC
-- BDDh-ASL
042 ## - AUTHENTICATION CODE
Authentication code lcode
043 ## - GEOGRAPHIC AREA CODE
Geographic area code a-ii---
050 00 - LIBRARY OF CONGRESS CALL NUMBER
Classification number DS485.D25
Item number S63 1993
082 00 - DEWEY DECIMAL CLASSIFICATION NUMBER
Classification number 954.8
Edition number 20
Item number SOC
245 00 - TITLE STATEMENT
Title Social and economic history of early Deccan :
Remainder of title some interpretation /
Statement of responsibility, etc. edited by Aloka Parasher-Sen.
260 ## - PUBLICATION, DISTRIBUTION, ETC.
Place of publication, distribution, etc. New Delhi :
Name of publisher, distributor, etc. Manohar Publishers & Distributors,
Date of publication, distribution, etc. 1993.
300 ## - PHYSICAL DESCRIPTION
Extent xxi, 304 p. :
Other physical details maps ;
Dimensions 23 cm.
504 ## - BIBLIOGRAPHY, ETC. NOTE
Bibliography, etc. note Includes bibliographical references (p. [278]-297) and index.
520 ## - SUMMARY, ETC.
Summary, etc. Interpretation of the Deccan civilization to 1200 A.D.; contributed articles.
651 #0 - SUBJECT ADDED ENTRY--GEOGRAPHIC NAME
Geographic name Deccan (India)
General subdivision Civilization.
651 #0 - SUBJECT ADDED ENTRY--GEOGRAPHIC NAME
Geographic name India
General subdivision Civilization
Chronological subdivision To 1200.
700 2# - ADDED ENTRY--PERSONAL NAME
Personal name Parasher-Sen, Aloka.
906 ## - LOCAL DATA ELEMENT F, LDF (RLIN)
a 7
b cbc
c origode
d 3
e ncip
f 19
g y-gencatlg
942 ## - ADDED ENTRY ELEMENTS (KOHA)
Source of classification or shelving scheme Dewey Decimal Classification
Koha item type Books
Holdings
Withdrawn status Lost status Source of classification or shelving scheme Damaged status Not for loan Collection code Home library Current library Shelving location Date acquired Source of acquisition Total Checkouts Full call number Barcode Date last seen Copy number Price effective from Koha item type Public note
    Dewey Decimal Classification   Not For Loan Non-fiction Asiatic Society Library Asiatic Society Library Ludden Collection 01/14/2021 Donated by Prof. David Ludden   954.8 SOC 104318 01/14/2021 C-1 01/14/2021 Books RARE

Powered by Koha